000 00643nam a2200181Ia 4500
005 20250423100754.0
008 250422s9999 xx 000 0 und d
020 _a9780321356192
050 _aJZ 1242 .R413/
100 _aPevehouse, Jon C.
245 0 _aReadings in international relations
260 _aNew York
260 _bPearson Longman
260 _c2008
300 _a334 p
650 _aInternational Relations World Politics_1989 Globalization Terrorism International Business Enterprises Human Rights Developing Countries_Economic Conditions European Union_Constitution Economic Assistance_Political Aspects
942 _cBK
999 _c34294
_d34294